000 00451nam a2200145Ia 4500
008 100204s9999 xx 000 0 und d
082 _b20105
100 _aपोखरकर प्रशांत
245 _aब्लॅक टायगर
260 _b"पुष्प प्रकाशन , पुणे"
300 _a188
630 _aब्लॅक टायगर
730 _aब्लॅक टायगर
942 _cBOOK
999 _c464527
_d464524